[Event "Politiken Cup 27th"]
[Site "Copenhagen"]
[Date "2005.07.24"]
[Round "10"]
[White "Forsmann, Henning"]
[Black "Munksgerd, Dennis"]
[Result "1-0"]
[WhiteElo "1803"]
[BlackElo "2127"]
[PlyCount "65"]
[EventDate "2005.07.16"]
[EventType "swiss"]
[EventRounds "10"]
[EventCountry "DEN"]
[SourceTitle "CBM 107 Extra"]
[Source "ChessBase"]
[SourceDate "2005.09.01"]
[SourceVersion "1"]
[SourceVersionDate "2005.09.01"]
[SourceQuality "1"]

1. Nf3 Nf6 2. c4 e6 3. g3 d5 4. cxd5 exd5 5. d4 Bd6 6. Bg2 0-0 7. 0-0 c6 8. Nc3 Re8 9. Qc2 Nbd7 10. Re1 Nf8 11. Bg5 Ne6 12. Bxf6 Qxf6 13. Rad1 Ng5 14. Nh4 Nh3+ 15. Bxh3 Bxh3 16. e4 dxe4 17. Nxe4 Qe7 18. Re3 Bb4 19. Qe2 Red8 20. a3 Ba5 21. Nc5 Qg5 22. Nxb7 h5 23. Nxd8 Bxd8 24. Re5 Qf6 25. Re8+ Kh7 26. Qxh5+ Qh6 27. Qxf7 Bxh4 28. Rxa8 Bf6 29. Qg8+ Kg6 30. Qe8+ Kh7 31. Qe4+ g6 32. Rxa7+ Bg7 33. Qe7 1-0